El colapso de la opinión liberal en España (Record no. 73027)

MARC details
000 -LEADER
campo de control de longitud fija 00897nam a2200229 i 4500
001 - NÚMERO DE CONTROL
campo de control 73027
003 - IDENTIFICADOR DE NÚMERO DE CONTROL
campo de control ES-MaACL
005 - FECHA Y HORA DE LA ÚLTIMA TRANSACCIÓN
campo de control 20250402115634.0
007 - CAMPO FIJO DE DESCRIPCIÓN FÍSICA--INFORMACIÓN GENERAL
campo de control de longitud fija t|
008 - DATOS DE LONGITUD FIJA--INFORMACIÓN GENERAL
campo de control de longitud fija 040906s1922 sp ||||1| spa d
100 0# - ENTRADA PRINCIPAL--NOMBRE DE PERSONA
Nombre de persona Andrenio,
Fechas asociadas al nombre 1866-1929
9 (RLIN) 57888
245 13 - MENCIÓN DEL TÍTULO
Título El colapso de la opinión liberal en España
Resto del título : conferencia pronunciada el 18 de noviembre de 1922 /
Mención de responsabilidad, etc. por Eduardo Gómez de Vaquero.
260 ## - PUBLICACIÓN, DISTRIBUCIÓN, ETC.
Lugar de publicación, distribución, etc. Madrid :
Nombre del editor, distribuidor, etc. [s.n.],
Fecha de publicación, distribución, etc. 1922 (
Fabricante Gráf. "Ambos Mundos")
300 ## - DESCRIPCIÓN FÍSICA
Extensión 24 p. ;
Dimensiones 22 cm.
530 ## - NOTA DISPONIBLE DE FORMULARIO FÍSICO ADICIONAL
Nota de formato físico adicional disponible Disponible en formato digital.
594 ## - Nota al título y mención de responsabilidad
Nota al título y mención de responsabilidad Precede al tít.: Juventud de la Izquierda Liberal.
650 04 - PUNTO DE ACCESO ADICIONAL DE MATERIA--TÉRMINO DE MATERIA
Término de materia o nombre geográfico como elemento de entrada Liberalismo-
Subdivisión geográfica España-
Subdivisión de forma Historia.
9 (RLIN) 14389
852 ## - LOCALIZACIÓN
Ubicación ES-MaACL
Número de control de estantería 1643-F-16
itemnumber 75756
Ubicación en estantería Depósito folletos
Nota libre Revisado enlace: 02 de Abril 2025
856 ## - LOCALIZACIÓN Y ACCESO ELECTRÓNICOS
Identificador Uniforme de Recursos <a href="http://bdh-rd.bne.es/viewer.vm?id=0000190939&page=1 ">http://bdh-rd.bne.es/viewer.vm?id=0000190939&page=1 </a>
Texto de enlace Biblioteca Digital Hispánica
942 ## - ELEMENTOS DE ENTRADA SECUNDARIOS (KOHA)
Fuente del sistema de clasificación o colocación Clasificación decimal universal
Holdings
Estatus retirado Estado de pérdida Estado de daño No para préstamo Colección Biblioteca de origen Biblioteca actual Ubicación en estantería Fecha de adquisición Fuente de adquisición Total de préstamos Signatura topográfica completa Código de barras Visto por última vez Precio de reemplazo Tipo de ítem Koha
        Colección de folletos Biblioteca del Ateneo de Madrid Biblioteca del Ateneo de Madrid Depósito folletos 17/01/2008     1643-F-16 1076444 23/02/2023 23/02/2023 Folleto